| 000 | 00663nam a2200229 i 4500 | ||
|---|---|---|---|
| 001 | 10397 | ||
| 003 | ES-MaACL | ||
| 005 | 20250819164917.0 | ||
| 007 | t| | ||
| 008 | 950530s1994 sp |||| | spa d | ||
| 020 | _a84-239-7715-3 | ||
| 080 | _a323.17 | ||
| 100 | 1 |
_aRubert de Ventós, Xavier, _d1939- _9100297 |
|
| 245 | 1 | 0 |
_aNacionalismos _b: el laberinto de la identidad / _cXavier Rubert de Ventós. |
| 260 |
_aMadrid : _bEspasa-Calpe, _c[1994] |
||
| 300 |
_a241 p. ; _c21 cm. |
||
| 490 | 1 | _aEspasa hoy | |
| 650 | 7 |
_aNacionalismo _2embne _915438 |
|
| 830 | 0 |
_aEspasa hoy _9179010 |
|
| 852 |
_aES-MaACL _jL-17775 |
||
| 999 |
_c10397 _d10397 |
||